A conceptual model for conflict management in construction firms (Record no. 109163)
[ view plain ]
| 000 -LEADER | |
|---|---|
| fixed length control field | 01395cad a22002655a 4500 |
| 001 - CONTROL NUMBER | |
| control field | L146402 |
| 008 - FIXED-LENGTH DATA ELEMENTS--GENERAL INFORMATION | |
| fixed length control field | 090116s2008 xxk f 100 0 eng d |
| 020 ## - INTERNATIONAL STANDARD BOOK NUMBER | |
| International Standard Book Number | 9781842194348 |
| 035 ## - SYSTEM CONTROL NUMBER | |
| System control number | (Sirsi) u146402 |
| 041 0# - LANGUAGE CODE | |
| Language code of text/sound track or separate title | eng |
| 050 04 - LIBRARY OF CONGRESS CALL NUMBER | |
| Classification number | 333.337 $2 18 |
| 100 1# - MAIN ENTRY--PERSONAL NAME | |
| Personal name | Ellis, Florence |
| 111 2# - MAIN ENTRY--MEETING NAME | |
| Meeting name or jurisdiction name as entry element | Construction and Building Research Conference |
| Location of meeting | Dublin Institute of Technology, Dublin |
| Date of meeting or treaty signing | 4-5 September 2008 |
| 245 02 - TITLE STATEMENT | |
| Title | A conceptual model for conflict management in construction firms |
| Medium | [electronic resource] |
| 260 ## - PUBLICATION, DISTRIBUTION, ETC. | |
| Place of publication, distribution, etc. | London |
| Name of publisher, distributor, etc. | RICS |
| Date of publication, distribution, etc. | 2008 |
| 520 ## - SUMMARY, ETC. | |
| Summary, etc. | Explores conflict management in the construction project environment. Highlighting the differences between conflicts and disputes, reviews conflict and its management and then discusses the theoretical approaches to conflict and its management. Concludes by proposing a model of the conflict process and highlighting the direction of future research. |
| 590 ## - LOCAL NOTE (RLIN) | |
| Local note | KA |
| 650 24 - SUBJECT ADDED ENTRY--TOPICAL TERM | |
| Topical term or geographic name entry element | CONSTRUCTION AND BUILDING RESEARCH CONFERENCE (COBRA) |
| 651 #4 - SUBJECT ADDED ENTRY--GEOGRAPHIC NAME | |
| Geographic name | United Kingdom |
| Chronological subdivision | |
| 690 ## - LOCAL SUBJECT ADDED ENTRY--TOPICAL TERM (OCLC, RLIN) | |
| Topical term or geographic name as entry element | MANAGEMENT-DISPUTE AVOIDANCE, MANAGEMENT AND RESOLUTION-DISPUTE MANAGEMENT AND RESOLUTION-ARBITRATION |
| 700 1# - ADDED ENTRY--PERSONAL NAME | |
| Personal name | Baiden, Bernard |
| 710 1# - ADDED ENTRY--CORPORATE NAME | |
| Corporate name or jurisdiction name as entry element | Royal Institution of Chartered Surveyors |
| 9 (RLIN) | 4900 |
| 856 40 - ELECTRONIC LOCATION AND ACCESS | |
| Uniform Resource Identifier | <a href="https://www.rics.org/site/download_feed.aspx?fileID=3128&fileExtension=PDF">https://www.rics.org/site/download_feed.aspx?fileID=3128&fileExtension=PDF</a> |
| Public note | View the item free of charge at www.rics.org... |
| 942 ## - ADDED ENTRY ELEMENTS (KOHA) | |
| Suppress in OPAC | 0 |
| Withdrawn status | Lost status | Source of classification or shelving scheme | Damaged status | Not for loan | Home library | Current library | Shelving location | Date acquired | Total Checkouts | Full call number | Barcode | Date last seen | Copy number | Price effective from | Koha item type |
|---|---|---|---|---|---|---|---|---|---|---|---|---|---|---|---|
| Dewey Decimal Classification | Virtual | Virtual | Online | 16/01/2009 | ONLINE PUBLICATION | 146402-2001 | 06/08/2019 | 1 | 06/08/2019 | Book |